Los cinco sentidos en español - Statistics

General Stats
  • This quiz has been taken 23 times
  • The average score is 4 of 10
Answer Stats
Sense Sentido % Correct
To Touch (verb) Tocar
100%
To See (verb) Ver
100%
To Hear (verb) Oír
83%
To Smell (verb) Oler
67%
To Taste (verb) Saborear
33%
Taste (noun) el gusto
0%
Hear (noun) el oído
0%
Smell (noun) el olfato
0%
Touch (noun) el tacto
0%
Sight (noun) la vista
0%
No matching quizzes found
Score Distribution
Percent of People with Each Score
Percentile by Number Answered
Your Score History
You have not taken this quiz